Stancliffe Stone Company Limited v Peak District National Park Authority (Record no. 75520)
[ view plain ]
| 000 -LEADER | |
|---|---|
| fixed length control field | 01915cab a2200205 4500 |
| 001 - CONTROL NUMBER | |
| control field | L130258 |
| 008 - FIXED-LENGTH DATA ELEMENTS--GENERAL INFORMATION | |
| fixed length control field | 050711n2005 000 0 eng u |
| 035 ## - SYSTEM CONTROL NUMBER | |
| System control number | (Sirsi) u130258 |
| 041 ## - LANGUAGE CODE | |
| Language code of text/sound track or separate title | eng |
| 245 ## - TITLE STATEMENT | |
| Title | Stancliffe Stone Company Limited v Peak District National Park Authority |
| 260 ## - PUBLICATION, DISTRIBUTION, ETC. | |
| Date of publication, distribution, etc. | 2005 |
| 520 ## - SUMMARY, ETC. | |
| Summary, etc. | [2005] EWCA Civ 747, 17 June 2005. Appeal by quarry owner (S) against the decision ([2004] EWHC 1475 (QB) refusing declarations that a1952 planning permission remained active and that two quarries could be worked in accordance with that permission. The site was a phase 1 site under the Environment Act 1995 Sched 13 para 2(4) within a National Park and whose planning permission was granted pre-1982. The two quarries were listed as dormant sites but S contended that the two sites were part of a single active mineral site covered by the 1952 permission and should be declared active and workable. "Held": appeal dismissed. The 1952 permission no longer authorised the continuance of minerals development at that site. A judicial review would be needed to set aside the list and to challenge a 1996 decision already acted upon would be formidably difficult. The judge had correctly rejected the submission that the list could be read to include the quarries in a single site. If the scheme under the Act was to work properly then a challenge to the list must be made prior to the application dates specified in the list and conditions determined under Sched 13 para 9. |
| 590 ## - LOCAL NOTE (RLIN) | |
| Local note | IKA190705 |
| 650 ## - SUBJECT ADDED ENTRY--TOPICAL TERM | |
| Topical term or geographic name entry element | STANCLIFFE STONE COMPANY LTD V PEAK DISTRICT NATIONAL PARK AUTHORITY |
| 650 ## - SUBJECT ADDED ENTRY--TOPICAL TERM | |
| Topical term or geographic name entry element | ENVIRONMENT ACT 1995 SCHEDULE 13 PARA 2(4) |
| 650 ## - SUBJECT ADDED ENTRY--TOPICAL TERM | |
| Topical term or geographic name entry element | ENVIRONMENT ACT 1995 SCHEDULE 13 PARA 9 |
| 690 ## - LOCAL SUBJECT ADDED ENTRY--TOPICAL TERM (OCLC, RLIN) | |
| Topical term or geographic name as entry element | PROPERTY-RURAL AND NATURAL ASSETS-MINERAL RESOURCES |
| 856 ## - ELECTRONIC LOCATION AND ACCESS | |
| Uniform Resource Identifier | <a href="https://www.bailii.org/ew/cases/EWCA/Civ/2005/747.html">https://www.bailii.org/ew/cases/EWCA/Civ/2005/747.html</a> |
| Public note | View the decision free of charge at www.bailii.org... |
| 942 ## - ADDED ENTRY ELEMENTS (KOHA) | |
| Suppress in OPAC | 0 |
| Withdrawn status | Lost status | Source of classification or shelving scheme | Damaged status | Not for loan | Home library | Current library | Shelving location | Date acquired | Total Checkouts | Full call number | Barcode | Date last seen | Copy number | Price effective from | Koha item type |
|---|---|---|---|---|---|---|---|---|---|---|---|---|---|---|---|
| Dewey Decimal Classification | London | London | Journal article | 11/07/2005 | L130258 | 130258-1001 | 06/08/2019 | 1 | 06/08/2019 | Law report |